Sports Quiz

Random Sports or World Quiz

World Cup Qualifying Europe 2014 group H Quiz Stats

 Plays Quiz not verified by Sporcle

Challenge
Share
Tweet
Embed
Score 0/6 Timer 01:30
0 Plays Today
% Correct
England
100%
Montenegro
90.5%
Poland
85.7%
San Marino
81%
Ukraine
81%
Moldova
61.9%

You're not logged in!

Compare scores with friends on all Sporcle quizzes.
OR
Log In

You Might Also Like...

Show Comments

Extras

Top Quizzes Today


Score Distribution

Your Account Isn't Verified!

In order to create a playlist on Sporcle, you need to verify the email address you used during registration. Go to your Sporcle Settings to finish the process.

Report this User

Report this user for behavior that violates our Community Guidelines.

Details: